000
00298nam a22001337a 4500
008
170810b xxu||||| |||| 00| 0 eng d
020
_a
0763823066
041
_a
eng
080
_2
5TH
_a
004
100
_a
35
101
_a
SHK
245
_a
KEYBOARDING & APPLICATIONS
_c
MITCHELL,W
942
_2
udc
_c
BK
999
_c
23203
_d
23203